Mặt trời trên đỉnh thác Tiểu thuyết

Uloženo v:
Podrobná bibliografie
Hlavní autor: Bùi Bình Thi
Médium: Kniha
Vydáno: H. Phụ nữ 1979
Témata:
Tagy: Přidat tag
Žádné tagy, Buďte první, kdo otaguje tento záznam!
Thư viện lưu trữ: Trung tâm Học liệu Lê Vũ Hùng, Trường Đại học Đồng Tháp
LEADER 00652pam a22002058a 4500
001 00020616
005 20171026081023.0
008 110518s1979 ||||||Viesd
041 0 # |a Vie 
082 1 4 |a 895.922 3  |b M118TR 
100 0 # |a Bùi Bình Thi 
245 0 0 |a Mặt trời trên đỉnh thác  |b Tiểu thuyết  |c Bùi Bình Thi 
260 # # |a H.  |b Phụ nữ  |c 1979 
300 # # |a 203 tr.  |c 19 cm. 
653 # # |a Tiểu thuyết 
653 # # |a Văn học 
852 # # |b Kho đọc  |j KD.0006063 
852 # # |j KD.0006063 
910 0 # |a Đức  |d 18/05/2011 
980 # # |a Trung tâm Học liệu Lê Vũ Hùng, Trường Đại học Đồng Tháp